Lyrics of Fuerza Regida's TÚ NAME - Statistics

General Stats
  • This quiz has been taken 52 times
  • The average score is 144 of 179
Answer Stats
Answer % Correct
Me
100%
me
100%
name
100%
100%
tu
100%
la
97%
La
97%
no
97%
No
97%
olvidó
97%
olvido
97%
te
97%
y
97%
Y
97%
a
95%
con
95%
pa'
95%
se
95%
Se
95%
daddy
92%
mami
92%
Party
92%
party
92%
Ya
92%
ya
92%
dice
89%
shorty
86%
fui
84%
vete
84%
fregada
81%
que
81%
culo
76%
fue
76%
mejor
76%
Mejor
76%
todo
76%
Todo
76%
conozco
70%
de
70%
ver
70%
le
68%
lo
68%
otro
68%
pero
68%
camaradas
65%
como
65%
compré
65%
gritaba
65%
agarré
62%
Briana
62%
busco
62%
Juliana
62%
maña
62%
nada
62%
por
62%
Tania
62%
las
59%
quitó
59%
topo
59%
Nos
57%
shopping
57%
bebé
54%
dueña
51%
eres
51%
fuimos
51%
ahora
49%
cuerno
49%
hasta
49%
nunca
49%
Nunca
49%
un
49%
daba
46%
mi
46%
pelas
46%
en
43%
Yo
41%
artista
38%
fresas
38%
pura
38%
vida
38%
príncipe
35%
sigo
35%
prisa
32%
tuve
30%
cuento
27%
princesas
27%
pandeja
3%
No matching quizzes found
Score Distribution
Percent of People with Each Score
Percentile by Number Answered
Your Score History
You have not taken this quiz